| 000 | 01544cam a22003374a 4500 | ||
|---|---|---|---|
| 090 | _c0 | ||
| 001 | 11919175 | ||
| 005 | 20080307113603.0 | ||
| 008 | 000223s2000 gw a b 100 0 eng | ||
| 010 | _a00026350 | ||
| 020 | _a3540669191 (hardcover) | ||
| 040 |
_aDLC _cDLC _dDLC |
||
| 042 | _apcc | ||
| 050 | 0 | 0 |
_aTA418.78 _b.C66 2000 |
| 082 | 0 | 0 |
_a620.43 _221 _bCON |
| 245 | 0 | 0 |
_aConstitutive Modelling of Granular Materials / _cDimitrios Kolymbas (editor). |
| 260 |
_aBerlin ; _aNew York : _bSpringer-Verlag, _cc2000. |
||
| 300 |
_axiii, 554 p. : _bill. ; _c24 cm. |
||
| 500 | _aPapers of a conference on "developments and perspectives of hypoplasticity", held in Horton, Greece. | ||
| 504 | _aIncludes bibliographical references. | ||
| 650 | 0 |
_aGranular materials _xMathematical models _vCongresses. |
|
| 650 | 0 |
_aMicrostructure _vCongresses. |
|
| 650 | 0 |
_aMicromechanics _xMathematical models _vCongresses. |
|
| 650 | 0 |
_aMatter _xConstitution _vCongresses. |
|
| 700 | 1 |
_aKolymbas, D. _q(Dimitrios) |
|
| 856 | 4 | 2 |
_3Publisher description _uhttp://www.loc.gov/catdir/enhancements/fy0816/00026350-d.html |
| 856 | 4 | 1 |
_3Table of contents only _uhttp://www.loc.gov/catdir/enhancements/fy0816/00026350-t.html |
| 942 |
_2ddc _cBB |
||
| 999 |
_c10428 _d10428 |
||